| 000 | 00573nam a2200229 a 4500 | ||
|---|---|---|---|
| 999 |
_c8599 _d8599 |
||
| 001 | 8599 | ||
| 003 | BD-JhCC | ||
| 005 | 20180227200950.0 | ||
| 008 | 180227b2007 bg a|||| ||a| 000 0 ben d | ||
| 035 | _a(BD-JhCC) 8599 | ||
| 040 |
_aBD-JhCC _dBD-JhCC |
||
| 041 | _aben | ||
| 082 |
_a954.92 _bGLA 2007 |
||
| 100 | _aGlassie, Henry | ||
| 245 |
_aLiving Traditions / _c Henry Glassie |
||
| 260 |
_aDhaka : _bAsiatic society of Bangladesh, _c2007 |
||
| 300 |
_a600 p .: _c24 cm . |
||
| 650 | _aBangladesh | ||
| 700 | _aFiroz Mahmud | ||
| 942 |
_2ddc _cBK |
||